The GEO data portal (Record no. 73620)
[ view plain ]
| 000 -LEADER | |
|---|---|
| fixed length control field | 01226cam a2200265 4500 |
| 001 - CONTROL NUMBER | |
| control field | ABS67154 |
| 008 - FIXED-LENGTH DATA ELEMENTS--GENERAL INFORMATION | |
| fixed length control field | 031022n2003 000 0 eng u |
| 035 ## - SYSTEM CONTROL NUMBER | |
| System control number | (Sirsi) u123966 |
| 100 ## - MAIN ENTRY--PERSONAL NAME | |
| Personal name | Schwarzer, S. |
| 245 #4 - TITLE STATEMENT | |
| Title | The GEO data portal |
| 260 ## - PUBLICATION, DISTRIBUTION, ETC. | |
| Date of publication, distribution, etc. | 2003 |
| 490 ## - SERIES STATEMENT | |
| Series statement | Geo Informatics |
| Volume/sequential designation | 6(6) September 2003, 26-29(3) |
| 520 ## - SUMMARY, ETC. | |
| Summary, etc. | Examines the Global Environment Outlook (GEO) Data Portal which was created to provide a comprehensive, reliable and timely supply of data for the preparation of UNEP's GEO reports. The portal provides access to a common and consistent set of data sets from primary sources including the United Nations. The portal has developed since October 2000 and now includes information on the state of natural resources, societal driving forces and root causes of environmental change and degradation. |
| 590 ## - LOCAL NOTE (RLIN) | |
| Local note | ABS |
| 650 ## - SUBJECT ADDED ENTRY--TOPICAL TERM | |
| Topical term or geographic name entry element | ENVIRONMENTAL ISSUES |
| 650 ## - SUBJECT ADDED ENTRY--TOPICAL TERM | |
| Topical term or geographic name entry element | ENVIRONMENTAL DATA |
| 650 ## - SUBJECT ADDED ENTRY--TOPICAL TERM | |
| Topical term or geographic name entry element | ENVIRONMENTAL ASSESSMENT |
| 650 ## - SUBJECT ADDED ENTRY--TOPICAL TERM | |
| Topical term or geographic name entry element | ENVIRONMENTAL REPORTING |
| 650 ## - SUBJECT ADDED ENTRY--TOPICAL TERM | |
| Topical term or geographic name entry element | INFORMATION SYSTEMS |
| 650 ## - SUBJECT ADDED ENTRY--TOPICAL TERM | |
| Topical term or geographic name entry element | MANAGEMENT-BUSINESS MANAGEMENT-INFORMATION MANAGEMENT |
| 690 ## - LOCAL SUBJECT ADDED ENTRY--TOPICAL TERM (OCLC, RLIN) | |
| Topical term or geographic name as entry element | ENVIRONMENTAL AND LAND CONSULTANCY |
| 700 ## - ADDED ENTRY--PERSONAL NAME | |
| Personal name | Woerden, J. van |
| 700 ## - ADDED ENTRY--PERSONAL NAME | |
| Personal name | Witt, R. |
| 942 ## - ADDED ENTRY ELEMENTS (KOHA) | |
| Suppress in OPAC | 0 |
| Withdrawn status | Lost status | Source of classification or shelving scheme | Damaged status | Not for loan | Home library | Current library | Shelving location | Date acquired | Total Checkouts | Full call number | Barcode | Date last seen | Copy number | Price effective from | Koha item type |
|---|---|---|---|---|---|---|---|---|---|---|---|---|---|---|---|
| Dewey Decimal Classification | London | London | Journal article | 22/10/2003 | ABS67154 | 123966-1001 | 06/08/2019 | 1 | 06/08/2019 | Journal article |